[Event "ITA-ch U20"]
[Site "Tarvisio"]
[Date "2023.07.09"]
[Round "9"]
[White "Boaron, Arianna"]
[Black "Mora, Flavia"]
[Result "1/2-1/2"]
[WhiteElo "1511"]
[BlackElo "1295"]
[PlyCount "35"]
[EventDate "2023.07.02"]
[EventType "swiss"]
[EventRounds "9"]
[EventCountry "ITA"]
[SourceTitle "EXT 2024"]
[Source "ChessBase"]
[SourceDate "2023.10.10"]
[SourceVersion "1"]
[SourceVersionDate "2023.10.10"]
[SourceQuality "1"]

1. e4 b6 2. d4 Bb7 3. Bd3 Nf6 4. Qe2 Nc6 5. c3 e5 6. Nf3 exd4 7. e5 Nd5 8. Be4 Nde7 9. cxd4 d5 10. Bc2 Bc8 11. 0-0 Bg4 12. Be3 a6 13. Nbd2 Ng6 14. h3 Bd7 15. Bg5 Be7 16. Bxe7 Ngxe7 17. Nb3 Nb4 18. Qd2 1/2-1/2

[Event "ITA-ch U20"]
[Site "Tarvisio"]
[Date "2023.07.07"]
[Round "7"]
[White "Marson, Eva Jane"]
[Black "Mora, Flavia"]
[Result "1-0"]
[WhiteElo "1571"]
[BlackElo "1295"]
[PlyCount "47"]
[EventDate "2023.07.02"]
[EventType "swiss"]
[EventRounds "9"]
[EventCountry "ITA"]
[SourceTitle "EXT 2024"]
[Source "ChessBase"]
[SourceDate "2023.10.10"]
[SourceVersion "1"]
[SourceVersionDate "2023.10.10"]
[SourceQuality "1"]

1. e4 b6 2. d4 Bb7 3. Bd3 Nf6 4. Qe2 Nc6 5. c3 e5 6. d5 Ne7 7. Nf3 Ng6 8. g3 Bc5 9. Nbd2 h5 10. h4 Ng4 11. 0-0 Qe7 12. Nc4 Qd8 13. b4 Be7 14. Bg5 f6 15. Bc1 Nf8 16. Ne3 Nxe3 17. Bxe3 g5 18. hxg5 fxg5 19. Nxe5 Bf6 20. Nf3 Ng6 21. Bd4 h4 22. e5 Nxe5 23. Nxe5 Bxe5 24. Qxe5+ 1-0

[Event "ITA-ch U20"]
[Site "Tarvisio"]
[Date "2023.07.05"]
[Round "4"]
[White "Mora, Flavia"]
[Black "Spada, Vittoria"]
[Result "1-0"]
[WhiteElo "1295"]
[BlackElo "1685"]
[PlyCount "67"]
[EventDate "2023.07.02"]
[EventType "swiss"]
[EventRounds "9"]
[EventCountry "ITA"]
[SourceTitle "EXT 2024"]
[Source "ChessBase"]
[SourceDate "2023.10.10"]
[SourceVersion "1"]
[SourceVersionDate "2023.10.10"]
[SourceQuality "1"]

1. d4 Nf6 2. Bf4 d5 3. Nf3 e6 4. e3 c5 5. c3 Nc6 6. Bd3 Bd6 7. Bxd6 Qxd6 8. Nbd2 0-0 9. 0-0 c4 10. Bc2 b5 11. e4 e5 12. exd5 Nxd5 13. Ne4 Qd8 14. Nxe5 Nxe5 15. dxe5 Re8 16. Nd6 Rxe5 17. Nxb5 Qg5 18. f4 Ne3 19. fxg5 Nxd1 20. Rfxd1 Bg4 21. Rd4 Rxb5 22. Rxg4 Rxb2 23. Ba4 Rd8 24. Rxc4 g6 25. Rd4 Rc8 26. c4 Rb4 27. Bb3 a5 28. Rad1 Kg7 29. c5 Rxd4 30. Rxd4 Rxc5 31. Rd5 Rc1+ 32. Kf2 Rb1 33. Rxa5 Rb2+ 34. Kf3 1-0